RC Celta de Vigo Squad 2017-2018 - Statistics

General Stats
  • This quiz has been taken 14 times
  • The average score is 19 of 23
Answer Stats
# Position Nation Player % Correct
18 MF Denmark Daniel Wass
100%
21 FW Turkey Emre Mor
100%
10 FW Spain Iago Aspas
100%
9 FW Sweden John Guidetti
100%
7 FW Uruguay Maxi Gómez
100%
11 FW Denmark Pione Sisto
100%
13 GK Spain Rubén Blanco
100%
24 DF Argentina Facundo Roncaglia
91%
2 DF Spain Hugo Mallo
91%
25 GK Spain Iván Villar
91%
22 DF Argentina Gustavo Cabral
82%
20 DF Spain Sergi Gómez
82%
1 GK Spain Sergio Álvarez
82%
14 MF Slovakia Stanislav Lobotka
82%
3 DF Spain Andreu Fontàs
73%
6 MF Serbia Nemanja Radoja
73%
8 MF Chile Pablo Hernández
73%
19 DF Spain Jonny Otto
64%
- Coach Spain Juan Carlos Unzué
64%
9 FW Argentina Lucas Boyé
64%
15 DF Slovakia Róbert Mazáň
64%
16 MF Spain Jozabed Sánchez
55%
17 MF Denmark Andrew Hjulsager
45%
No matching quizzes found
Score Distribution
Percent of People with Each Score
Percentile by Number Answered
Your Score History
You have not taken this quiz